00331nam a2200121Ia 4500008004100000100002000041245009900061260001200160260001100172260000900183300000700192650001000199160117s9999 xx 000 0 und d aSelvaraj,Princy aInvestigation of Selected Sri Lankan Fungi for the Presence of Biologically Active Metabolites aColombo bIchemc c2009 a53 aFungi